1972 1903 1793 1832 1976 1015 1659 1589 1906 1809 1094 1295 1479 1662 1636 1222 1565 1161 1122 1706 1776 1176 1716 1770 1077 1803 1937 1290 1705 1227 1020 1949 1575 1944 1103 1795 1370 1314 1735 1708 1663 1985 1609 1014 1227 1654 1693 1834 1713 1965 1426 1695 1729 1883 1093 1276 1101 1356 1536 1023 1613 1011 1280 1573 1623 1809 1296 1846 1513 1489 1319 1363 1026 1130 1090 1325 1832 1008 1182 1105 1120 1855 1417 1442 1429 1537 1697 1168 1620 1285 1453 1413 1948 1397 1003 1936 1416 1541 1492 BCNSPRNW ULIB Ver.6.0+V

เปลี่ยนเป็นภาษาไทย

Change to English
 แสดงรายละเอียดบรรณานุกรม
  กลับหน้าหลัก

Brief Record : Get Marc (ISO 2709) : E-mail record : QR code < ปิดหน้าต่าง
LEADER : 00000nam 2200000uu 4500
001    13399121828
003     ULIB
008    121211s2546||||th 000 0 tha d
020    ^a9749143183
020    ^a9789749143186
060 04 ^aWP660^bห521ก
245 00 ^aการผ่าตัดผ่านกล้องทางนรีเวช /^cหเทิญ ถิ่นธารา บรรณาธิการ
250    ^aพิมพ์ครั้งที่ 1
260    ^aกรุงเทพฯ :^bโฮลิสติก พับลิชชิ่ง,^c2546
300    ^a[12], 404 หน้า :^bภาพประกอบ,^c27 ซม.
650  2 ^aGynecology^xsurgery
650  2 ^aLaparoscopy^xsurgery
650  7 ^aศัลยกรรมแบบกล้องส่อง
650  7 ^aการผ่าตัดด้วยกล้อง
650  7 ^aนรีเวชวิทยา^xศัลยกรรม
700 0  ^aหเทิญ ถิ่นธารา,^eบรรณาธิการ
945    ^p800^l0^i13532
995    ^aทศพร
999    ^aทศพร เกษรทอง
รายการนี้ยังไม่มีแท็ก
คุณยังไม่ได้ล็อกอิน คุณสามารถมีกิจกรรมร่วมกับเว็บไซต์ได้ แต่ต้องล็อกอินก่อน ::
  ล็อกอิน

รายการสื่อสารสนเทศ

ลำดับที่ ประเภท เลขเรียก/บาร์โค้ด สถานที่ สถานะ
1. วิทยาศาสตร์การแพทย์ และสุขภาพ
วิทยาศาสตร์การแพทย์ และสุขภาพ
WP660 ห521ก ฉ.1 
  Barcode: 13532
ห้องสมุดวิทยาเขตสวรรค์ประชารักษ์
►หนังสือทั่วไป
บนชั้น

รายการใกล้เคียง
    หัวเรื่อง [ศัลยกรรมแบบกล้องส่อง]
    หัวเรื่อง [การผ่าตัดด้วยกล้อง]

BibComment


ยังไม่เคยถูกคอมเมนท์

คอมเมนท์ทรัพยากรรายการนี้
  คอมเมนท์: การผ่าตัดผ่านกล้..


 Copyright 2026. Bcnsprnw @Library